| 000 | 00466nam a22001937a 4500 | ||
|---|---|---|---|
| 082 |
_a823 _bSHR/S |
||
| 100 | _aPOE,EDGAR ALLAN | ||
| 100 | _aMANUPASSANT | ||
| 100 | _aTHACKERAY,WILLIAM MAKEPEACE | ||
| 100 | _aMUNRO,HECTOR HUGH | ||
| 100 | _aCHEKHOV,ANTON | ||
| 100 | _aDICKENS,CHARLES | ||
| 100 | _aHENRY O | ||
| 245 | _aSELECTED SHORT STORIES | ||
| 260 |
_aNEW DELHI _bSHRIJE'S BOOK INTERNATIONAL |
||
| 300 | _a736 | ||
| 650 |
_aNOVEL _zDELHI |
||
| 942 | _cBK | ||
| 999 |
_c3602 _d3602 |
||